Poster Portions (2011) Quiz Stats

 Plays Quiz Updated Jan 13, 2019

Support Sporcle.
Go Orange.
Score 0/40 Timer 08:00
4 Plays Today
% Correct
Cars 2
94.8%
Kung Fu Panda 2
92.9%
Puss in Boots
85.9%
Rise of the
Planet of the Apes
83.4%
Harry Potter and the
Deathly Hallows - Part 2
82.1%
Rango
81.5%
Bridesmaids
81.4%
The Muppets
80.5%
Rio
78.3%
X-Men: First Class
75.3%
Sherlock Holmes:
A Game of Shadows
74.9%
The Help
71.9%
Moneyball
69.6%
Mission: Impossible
- Ghost Protocol
62.6%
The Iron Lady
58.5%
Horrible Bosses
53.2%
The Girl with the
Dragon Tattoo
50.4%
Limitless
48%
The Artist
47.1%
50/50
38.4%
% Correct
Drive
37.7%
Crazy, Stupid, Love
31.6%
The Adventures of Tintin
29.3%
Cowboys & Aliens
29%
Arthur Christmas
29%
Tower Heist
28%
Midnight in Paris
27.5%
Real Steel
21.5%
In Time
20.6%
Warrior
19.5%
J. Edgar
17.2%
Source Code
15.8%
Battle: Los Angeles
13.2%
Young Adult
11.9%
Contagion
11.4%
Super 8
9.9%
Margin Call
8.2%
New Year's Eve
6.9%
A Separation
6.1%
Sanctum
2.1%

From the Vault

2000 US Election Minefield

by Hejman

History 3m
Florida definitely seemed like a bit of a minefield that year.
Remove Ads.
Support Sporcle.
Get the best of Sporcle when you Go Orange. This ad-free experience offers more features, more stats, and more fun while also helping to support Sporcle. Thank you for becoming a member.

Show Comments

Extras

Top Quizzes Today


Score Distribution

Your Account Isn't Verified!

In order to create a playlist on Sporcle, you need to verify the email address you used during registration. Go to your Sporcle Settings to finish the process.

Report this User

Report this user for behavior that violates our Community Guidelines.

Details: